Le Rondini di Tunisi.
Salvato in:
| Autore principale: | |
|---|---|
| Natura: | Libro |
| Lingua: | italiano |
| Pubblicazione: |
Milano :
Marco Tropea Editore
|
| Edizione: | 1 ed |
| Tags: |
Nessun Tag, puoi essere il primo ad aggiungerne!!
|
MARC
| LEADER | 00000nam a22000007i 4500 | ||
|---|---|---|---|
| 001 | IT\ICCU\CAM\0258921 | ||
| 003 | ItRI | ||
| 005 | 20250209213809.0 | ||
| 008 | 230822s2005 it |||||| ||||| |||||c | ||
| 020 | |a 9788843804368 | ||
| 040 | |b ita |c Arcigay Genova | ||
| 041 | 7 | |a ita |2 ISO-639-2 | |
| 100 | 1 | |a Golinelli, Alessandro |0 IT\ICCU\RAVV\071142 |4 aut | |
| 245 | 1 | 0 | |a Le Rondini di Tunisi. |
| 250 | |a 1 ed | ||
| 260 | |a Milano : |b Marco Tropea Editore | ||
| 300 | |a 256 p. ; |c 20cm | ||
| 942 | |2 ddc |c BK | ||
| 952 | |0 0 |1 0 |2 ddc |4 0 |6 853_914000000000000_GOL_RON |7 1 |9 2963 |a GE |b GE |d 2025-02-09 |l 0 |o 853.914 GOL RON |p 1540 |r 2025-02-09 21:39:04 |w 2025-02-09 |x Donazione di Alvaro Bazzano |y BK |z Donazione AB | ||
| 981 | 1 | |6 z01 |a i |b xxxe | |
| 982 | 1 | |6 z01 |a n | |
| 999 | |c 2473 |d 2473 | ||